[Event "Australian Masters (Women)"]
[Site "Melbourne"]
[Date "2013.01.19"]
[Round "6"]
[White "Krstevska, Tanya"]
[Black "Kolak, Tanya"]
[Result "1-0"]
[WhiteElo "1578"]
[BlackElo "1454"]
[PlyCount "133"]
[EventDate "2013.01.14"]
[EventType "tourn"]
[EventRounds "7"]
[EventCountry "AUS"]
[SourceTitle "EXT 2016"]
[Source "ChessBase"]
[SourceDate "2015.10.08"]
[SourceVersion "1"]
[SourceVersionDate "2015.10.08"]
[SourceQuality "1"]

1. d4 d5 2. c4 dxc4 3. Qa4+ Nc6 4. e3 Nf6 5. Bxc4 e6 6. Nf3 Bd7 7. Qb3 Na5 8. Qc2 Bb4+ 9. Bd2 Bxd2+ 10. Nbxd2 0-0 11. Bd3 h6 12. 0-0 Rc8 13. b4 Nc6 14. Rab1 Ne7 15. Ne5 Be8 16. Qb2 Ned5 17. g3 Ba4 18. Rbc1 b5 19. Nc6 Qd7 20. Nf3 a6 21. Nfe5 Qd6 22. Be2 Ne7 23. Bf3 Rfe8 24. Rc3 Nfd5 25. Nxe7+ Qxe7 26. Bxd5 exd5 27. Rfc1 f6 28. Nc6 Qf7 29. f4 g6 30. Ne5 Qf8 31. Nd3 Re6 32. Rc6 Rxc6 33. Rxc6 Ra8 34. Qc3 Ra7 35. h3 Bd1 36. Nc5 Be2 37. Nxa6 Bc4 38. Nc5 Kg7 39. Ra6 Rxa6 40. Nxa6 c6 41. Qc2 Qa8 42. Nc5 Qa3 43. Ne6+ Kf7 44. Nd8+ Ke7 45. Nxc6+ Kd6 46. Nd8 Qd3 47. Qxd3 Bxd3 48. Nf7+ Ke7 49. Nxh6 f5 50. a3 Kf6 51. Kg2 Be4+ 52. Kh2 g5 53. fxg5+ Kxg5 54. Nf7+ Kf6 55. Nd6 Ke6 56. Nxe4 fxe4 57. g4 Kf6 58. Kg3 Kg6 59. h4 Kf6 60. Kf4 Kg6 61. Ke5 Kf7 62. Kxd5 Ke7 63. Ke5 Kd7 64. d5 Kd8 65. Kd4 Kc7 66. Kc5 Kb7 67. Kxb5 1-0

[Event "Australian Masters (Women)"]
[Site "Melbourne"]
[Date "2013.01.16"]
[Round "3"]
[White "Kolak, Tanya"]
[Black "Simmonds, Leteisha Simone"]
[Result "0-1"]
[WhiteElo "1454"]
[BlackElo "1735"]
[PlyCount "48"]
[EventDate "2013.01.14"]
[EventType "tourn"]
[EventRounds "7"]
[EventCountry "AUS"]
[SourceTitle "EXT 2016"]
[Source "ChessBase"]
[SourceDate "2015.10.08"]
[SourceVersion "1"]
[SourceVersionDate "2015.10.08"]
[SourceQuality "1"]

1. e4 e6 2. d4 d5 3. e5 c5 4. c3 Nc6 5. Nf3 Qb6 6. Be2 Bd7 7. a3 cxd4 8. cxd4 Nge7 9. b4 Nf5 10. Be3 h5 11. h4 Rc8 12. Ra2 Nxe3 13. fxe3 Ne7 14. Qd3 Rc1+ 15. Bd1 Bb5 16. Qb3 Bc4 17. Qb2 Rxd1+ 18. Kxd1 Bxa2 19. Qxa2 Nf5 20. Qf2 a5 21. bxa5 Qxb1+ 22. Kd2 Qxh1 23. a4 Qa1 24. Ng5 Bb4+ 0-1

[Event "Australian Masters (Women)"]
[Site "Melbourne"]
[Date "2013.01.14"]
[Round "1"]
[White "Kolak, Tanya"]
[Black "Setiabudi, Megan"]
[Result "0-1"]
[WhiteElo "1454"]
[BlackElo "1809"]
[PlyCount "126"]
[EventDate "2013.01.14"]
[EventType "tourn"]
[EventRounds "7"]
[EventCountry "AUS"]
[SourceTitle "EXT 2016"]
[Source "ChessBase"]
[SourceDate "2015.10.08"]
[SourceVersion "1"]
[SourceVersionDate "2015.10.08"]
[SourceQuality "1"]

1. d4 d5 2. Nc3 c6 3. e4 dxe4 4. Nxe4 Bf5 5. Ng3 Bg6 6. Nf3 e6 7. Bf4 Nf6 8. Ne5 Nd5 9. Nxg6 hxg6 10. Qd2 Nxf4 11. Qxf4 Rh4 12. Qe3 Qxd4 13. Qxd4 Rxd4 14. a3 Nd7 15. Bd3 Nc5 16. 0-0-0 Nxd3+ 17. Rxd3 Rxd3 18. cxd3 Rd8 19. Kc2 Bd6 20. Ne4 Ke7 21. h3 f5 22. Ng5 Bf4 23. Nf3 Kf6 24. g3 Bd6 25. h4 Bc5 26. Rf1 e5 27. Ng5 Re8 28. Nh7+ Kf7 29. Ng5+ Kf8 30. Kd2 Be7 31. f4 Bxg5 32. hxg5 e4 33. Ke3 exd3+ 34. Kxd3 Kf7 35. Rf3 Rd8+ 36. Kc4 Rd6 37. Rb3 b6 38. Re3 Re6 39. Rd3 Ke7 40. b4 Re4+ 41. Kb3 c5 42. bxc5 bxc5 43. Rc3 Kd6 44. Rd3+ Kc7 45. Rc3 Kc6 46. a4 Kd5 47. Rd3+ Rd4 48. Re3 c4+ 49. Kb4 Rd3 50. Re5+ Kd4 51. Re7 Rb3+ 52. Ka5 c3 53. Rd7+ Ke3 54. Rxa7 c2 55. Re7+ Kd2 56. Rd7+ Rd3 57. Rc7 c1Q 58. Rxc1 Kxc1 59. Kb6 Rxg3 60. a5 Rf3 61. a6 Rxf4 62. Kb5 Rf2 63. a7 Ra2 0-1